| 000 | nam a22 7a 4500 | ||
|---|---|---|---|
| 999 |
_c329445 _d329445 |
||
| 003 | ASAB | ||
| 005 | 20170508110854.0 | ||
| 008 | 170508b xxu||||| |||| 00| 0 eng d | ||
| 020 | _a81-7888-261-2 | ||
| 040 | _cASAB | ||
| 082 | _a628.52 | ||
| 245 |
_aEnvironmental biotechnology. _cPratham Vashisth |
||
| 260 |
_aNew Delhi. _bDominant Publishers and distributors _c2005 |
||
| 300 | _a256 P | ||
| 942 |
_2ddc _cBK |
||